LEADER 03514nam 22006134a 450 001 9910780452303321 005 20230617020022.0 010 $a1-283-37144-8 010 $a9786613371447 010 $a0-470-09142-8 035 $a(CKB)111090529060228 035 $a(EBL)189458 035 $a(OCoLC)55748183 035 $a(SSID)ssj0000149365 035 $a(PQKBManifestationID)11162086 035 $a(PQKBTitleCode)TC0000149365 035 $a(PQKBWorkID)10236938 035 $a(PQKB)10515930 035 $a(MiAaPQ)EBC189458 035 $a(Au-PeEL)EBL189458 035 $a(CaPaEBR)ebr10113987 035 $a(CaONFJC)MIL337144 035 $a(EXLCZ)99111090529060228 100 $a20031215d2004 uy 0 101 0 $aeng 135 $aur|n|---||||| 181 $ctxt 182 $cc 183 $acr 200 04$aThe essential handbook of memory disorders for clinicians$b[electronic resource] /$fedited by Alan D. Baddeley, Michael D. Kopelman, Barbara A. Wilson 210 $aChichester, West Sussex, England ;$aHoboken, NJ, USA $cJ. Wiley$dc2004 215 $a1 online resource (393 p.) 300 $aRev. ed. of: Handbook of memory disorders. 2nd ed. New York : J. Wiley, c2002. 311 $a0-470-09141-X 320 $aIncludes bibliographical references and indexes. 327 $tPsychology of memory /$rAlan D. Baddeley --$tThe amnesic syndrome: overview and subtypes /$rMargaret O'Connor, Mieke Verfaille --$tPosttraumatic amnesia and residual memory deficit after closed head injury /$rHarvey S. Levin, Gerri Hanten --$tPsychogenic amnesia /$rMichael D. Kopelman --$tDevelopmental amnesias and acquired amnesias of childhood /$rChristine M. Temple --$tThe memory deficit in Alzheimer's disease /$rJames T. Becker, Amy A. Overman -- Memory disorders in subcortical dementia /$rJason Brandt, Cynthia A. Munro --$tAssessment of memory disorders /$rBarbara A. Wilson --$tSeparating memory from other cognitive disorders /$rDiane B. Howieson, Murial D. Lezak --$tManagement and remediation of memory problems in brain injured adults /$rBarbara A. Wilson --$tAssessment and management of memory problems in children /$rJudith A. Middleton --$tAssessment and intervention in dementia of Alzheimer type /$rLinda Clare --$tReducing the impact of cognitive impairment in dementia /$rBob Woods --$tExternal memory aids and computers in memory rehabilitation /$rNarinder Kapur, Elizabeth Glisky, Barbara A. Wilson --$tEmotional and social consequences of memory disorders /$rRobyn L. Tate. 330 $aThis concise version of the Handbook of Memory Disorders is a selection of chapters from the original volume that have been chosen with the busy practitioner in mind. The Essential Handbook provides individual clinicians and students with those parts the editors consider most relevant and useful on a day-to-day basis, as a portable adjunct to the more comprehensive Handbook. (Handbook of Memory Disorders - 047 149819X) 606 $aMemory disorders 606 $aMemory 606 $aAmnesia 615 0$aMemory disorders. 615 0$aMemory. 615 0$aAmnesia. 676 $a616.8/4 701 $aBaddeley$b Alan D.$f1934-$0125184 701 $aKopelman$b Michael D$01547510 701 $aWilson$b Barbara A.$f1941-$0964224 801 0$bMiAaPQ 801 1$bMiAaPQ 801 2$bMiAaPQ 906 $aBOOK 912 $a9910780452303321 996 $aThe essential handbook of memory disorders for clinicians$93803932 997 $aUNINA LEADER 03075nam 2200577 a 450 001 9910140852703321 005 20200520144314.0 010 $a9786612985362 010 $a9781282985360 010 $a1282985361 010 $a9789048513246 010 $a9048513243 024 8 $a10.5117/9789089642646 035 $a(CKB)2670000000066093 035 $a(EBL)649966 035 $a(OCoLC)710060581 035 $a(SSID)ssj0000470739 035 $a(PQKBManifestationID)12121723 035 $a(PQKBTitleCode)TC0000470739 035 $a(PQKBWorkID)10416857 035 $a(PQKB)11544483 035 $a(MiAaPQ)EBC649966 035 $a(ScCtBLL)df27ad5e-f4d6-4a88-9b43-aa56965cf3c3 035 $a(OCoLC)1159390018 035 $a(EXLCZ)992670000000066093 100 $a20110314d2010 uy 0 101 0 $adut 135 $aurmn#---||||| 181 $ctxt$2rdacontent 182 $cc$2rdamedia 183 $acr$2rdacarrier 200 10$aKoloniaal profijt van onvrije arbeid $ehet Preanger stelsel van gedwongen koffieteelt op Java, 1720-1870 /$fJan Breman 210 $aAmsterdam $cAmsterdam University Press$d2010 215 $a1 online resource (456 pages) 300 $aDescription based upon print version of record. 311 08$aPrint version: Breman, Jan. Koloniaal profijt van onvrije arbeid. Amsterdam : Amsterdam University Press, 2010 9789089642646 (OCoLC)662407765 320 $aIncludes bibliographical references and index. 327 $aInhoudsopgave; Tabellen en kaarten; Voorwoord; Ten Geleide; I. De aanloop naar het achterland; II. Boeren en heren in de vroege koloniale tijd; III. Invoering van de gedwongen teelt; IV. Van handelsbedrijf tot staatsonderneming; V. De voort zeting van het Preanger stelsel; VI. Onvrije arbeid als voorwaarde voor vooruitgang; VII. Het koffieregime onder het cultturstelsel; VIII. De Preanger regeling; IX. Doorvoering van de reorganisatie; Epiloog: Knechting als de weg naar verheffing; Noten; Glossarium; Lijst van afkortingen; Lijst van ilustraties; Bronnen; Namenregister; Zakenregister 330 $aIn een historisch onderzoek dat een herziening is van de koloniale geschiedschrijving, duikt prof. dr. Jan Breman in een van de zwartste bladzijdes van de Nederlandse geschiedenis. In Koloniaal profijt van onvrije arbeid: het Preanger stelsel van gedwongen koffieteelt op Java, dat meer dan dertig jaar onderzoek omspant, behandelt hij de werking en uitwerking van gedwongen koffieteelt onder de koloniale heerschappij, en de invloed op het maatschappelijk bestel in de hooglanden van West-Java. Hij laat zien hoe de VOC de inheemse landadel inschakelde als goedkope vorm van bestuur. Deze landadel h 606 $aCoffee industry$zIndonesia$xHistory 607 $aPriangan (Indonesia)$xHistory 615 0$aCoffee industry$xHistory. 676 $a900 700 $aBreman$b Jan$0643318 801 0$bMiAaPQ 801 1$bMiAaPQ 801 2$bMiAaPQ 906 $aBOOK 912 $a9910140852703321 996 $aKoloniaal profijt van onvrije arbeid$92278276 997 $aUNINA LEADER 01462nam 2200289la 450 001 9910481870803321 005 20221102160039.0 035 $a(UK-CbPIL)2090302931 035 $a(CKB)5500000000087163 035 $a(EXLCZ)995500000000087163 100 $a20221102d1623 uy | 101 0 $adut 135 $aurcn||||a|bb| 200 10$aVoorbeelsels der oude wyse, handelende van trouw, ontrouw, list, haet, geswindicheyt, ende alle andere menschelijcke gheneghentheden uut d'Indische sprake, in d'Arabische, Hebreische ende Latijnsche overgheset, ende nu in de Duytsche vertaelt, verc?iert met vele rijm-spreucken, ende figueren door Zacharias Heyns 210 $aAmsterdam $cBroer Jansz.$d1623 215 $aOnline resource (8°) 300 $aReproduction of original in Koninklijke Bibliotheek, Nationale bibliotheek van Nederland. 700 $aIbn al-Muqaffa?$b -approximately 760$0931873 701 $aYo??el$b rabbi$0931874 701 $aBurzo?e$0931875 701 $aBi?dpa??i?$0558702 801 0$bUk-CbPIL 801 1$bUk-CbPIL 906 $aBOOK 912 $a9910481870803321 996 $aVoorbeelsels der oude wyse, handelende van trouw, ontrouw, list, haet, geswindicheyt, ende alle andere menschelijcke gheneghentheden uut d'Indische sprake, in d'Arabische, Hebreische ende Latijnsche overgheset, ende nu in de Duytsche vertaelt, verc?iert met vele rijm-spreucken, ende figueren door Zacharias Heyns$92096081 997 $aUNINA